000 00575nam a2200229Ia 4500
003 OSt
005 20230317110933.0
008 210423s2006 xx 000 0 und d
020 _a8121924634
040 _cAL
041 _aeng
082 _a330
_223
_bDEWK
100 _aDEWETT (K K);others
_976066
245 _aModern economic theory
260 _aNew Delhi
_bS Chand & Company Ltd
_c2006
300 _axvi,974
_bPB
365 _b425
_cINR
650 _aEconomics
_976067
650 _aEconomics
_976067
906 _aeconomic ; Modern ; theory
942 _2ddc
_cBK
999 _c155591
_d155591